al-Tarbiyah al-Ṣihyūnīyah min ʻunṣurīyat al-Tawrāh ilá damawīyat al-iḥtilāl /
Saved in:
| Main Author: | |
|---|---|
| Format: | Book |
| Language: | Arabic |
| Published: |
Bayrūt :
Dār Qutaybah,
1992.
|
| Edition: | al-Ṭabʻah 2. |
| Subjects: | |
| Tags: |
Add Tag
No Tags, Be the first to tag this record!
|
| LEADER | 00629nam a2200193 a 4500 | ||
|---|---|---|---|
| 001 | 006509727-0 | ||
| 005 | 20020606163548.3 | ||
| 008 | 960216s1992 le b 000|0 ara d | ||
| 035 | 0 | |a ocm34781764 | |
| 100 | 1 | |a Bāsh, Ḥasan. | |
| 245 | 1 | 3 | |a al-Tarbiyah al-Ṣihyūnīyah min ʻunṣurīyat al-Tawrāh ilá damawīyat al-iḥtilāl / |c taʾlīf Ḥasan al-Bāsh. |
| 250 | |a al-Ṭabʻah 2. | ||
| 260 | |a Bayrūt : |b Dār Qutaybah, |c 1992. | ||
| 300 | |a 136 p. ; |c 20 cm. | ||
| 504 | |a Includes bibliographical references. | ||
| 650 | 0 | |a Zionism |x Controversial literature. | |
| 650 | 0 | |a Arab-Israeli conflict. | |
| 988 | |a 20020608 | ||
| 906 | |0 MH | ||


